|
|
|
|
| LEADER |
00000nas a2200000 a 4500 |
| 001 |
ssj0000394054 |
| 003 |
WaSeSS |
| 005 |
20200512172242.0 |
| 006 |
m d |
| 007 |
cr n |
| 008 |
100831c20109999ii qr p s 0 0eng c |
| 010 |
|
|
|a 2012250691
|
| 016 |
7 |
|
|a 2582352-8
|2 DE-600
|
| 022 |
|
|
|a 0976-2361
|l 0976-2361
|y 0976-237X
|
| 035 |
|
|
|a (WaSeSS)ssj0000394054
|
| 037 |
|
|
|b Medknow Publications and Media Pvt. Ltd., B-9, Kanara Business Ctr, Off Link Rd, Ghatkopar (E), Mumbai, Maharastra 400 075 India
|
| 040 |
|
|
|a AU@
|b eng
|c AU@
|d OCLCQ
|d ILGOR
|d HEBIS
|d CUD
|d NTE
|d TXA
|d BUF
|d OCLCQ
|d OCLCF
|d OCLCO
|d EUW
|d OCLCO
|d OCLCQ
|d OCLCO
|d WY@
|d U3W
|d OCLCO
|d AUD
|d VT2
|d WaSeSS
|
| 042 |
|
|
|a pcc
|
| 050 |
|
4 |
|a RK1
|b .C66
|
| 060 |
0 |
0 |
|a W1
|b CO769MFD
|
| 210 |
1 |
0 |
|a Contemp clin dent
|
| 245 |
0 |
0 |
|a Contemporary clinical dentistry
|h [electronic resource].
|
| 246 |
1 |
|
|a CCD
|
| 260 |
|
|
|a [Mumbai, India] :
|b [Published for Maharishi Markandeshwar University by Medknow Publications and Media Pvt. Ltd.],
|c 2010-
|
| 310 |
|
|
|a Quarterly
|
| 362 |
1 |
|
|a Began with: Vol. 1, Issue 1 (Jan./Mar. 2010).
|
| 506 |
|
|
|a License restrictions may limit access.
|
| 538 |
|
|
|a Mode of access: World Wide Web.
|
| 588 |
|
|
|a Description based on: Vol. 1, Issue 1 (Jan./Mar. 2010); title from journal home page (publisher's Web site, viewed May 9, 2012).
|
| 588 |
|
|
|a Latest issue consulted: Vol. 3 (1) (Jan./Mar. 2012) (PubMed Central, viewed May 9, 2012).
|
| 650 |
|
0 |
|a Dentistry
|v Periodicals.
|
| 650 |
|
7 |
|a Dentistry.
|2 fast
|0 (OCoLC)fst00890633
|
| 650 |
1 |
2 |
|a Stomatognathic Diseases
|v Periodicals.
|
| 650 |
2 |
2 |
|a Dentistry
|v Periodicals.
|
| 655 |
|
0 |
|a Electronic journals.
|
| 710 |
2 |
|
|a Maharishi Markandeshwar University.
|
| 776 |
0 |
8 |
|i Print version:
|t Contemporary clinical dentistry
|x 0976-237X
|w (DLC) 2011243496
|w (OCoLC)741352200
|
| 856 |
4 |
0 |
|z Full text available from Research Library: 01/01/2010 to present
|u https://search.proquest.com/publication/226523
|